LEADER 00730nam a22002053a 4500 001 991003772789707536 008 80704s 000 0 eng d 020 $a0140159878 035 $ab13749213-39ule_inst 040 $aDip.to Lingue$bita 100 1 $aMiller, Alex$0628904 245 14$aThe Ancestor Game /$cAlex Miller 260 $aRingwood, Vic. :$bPenguin Books Australia,$c1992 300 $a302 p. ;$c20 cm 907 $a.b13749213$b28-01-14$c04-07-08 912 $a991003772789707536 945 $aLE012 Fondo Commonwealth 3-6-53$g1$i2012000304277$lle012$o-$pE0.00$q-$rn$so $t0$u0$v0$w0$x0$y.i1479438x$z04-07-08 996 $aAncestor Game$91226551 997 $aUNISALENTO 998 $ale012$b04-07-08$cm$da $e-$feng$gat $h4$i0